|
|
|
|
| LEADER |
00000nab a2200000ua 4500 |
| 001 |
vtls010783589 |
| 003 |
SK-MaSNL |
| 005 |
20260225191404.0 |
| 008 |
230131s1958 xo |||||||||||||||||slo| |
| 035 |
|
|
|a (urnnbn)urn:nbn:sk:snk:ar-a000g3
|
| 035 |
|
|
|a (uuid)5da9e7ce-6e8b-43a0-bae9-5c4c2793d166
|
| 035 |
|
|
|a urn:nbn:sk:snk-ab4ylk
|
| 040 |
|
|
|a SNKBUCL
|b slo
|c SNKBUCL
|e AACR2
|
| 041 |
0 |
|
|a slo
|
| 044 |
|
|
|a xo
|c SK
|
| 245 |
0 |
0 |
|a Včelár a čistota vo včelíne
|
| 773 |
0 |
|
|t Včelár : odborný časopis Povereníctva poľnohospodárstva a lesného hospodárstva a Ústredia včelárskych združení na Slovensku
|g Roč. 32, č. 11 (1958), s. 164
|
| 954 |
|
|
|a odborná, vedecká literatúra pôvodná (slovenská)
|2 lita
|
| 958 |
|
|
|a OND
|
| 958 |
|
|
|a EUIPO
|
| 958 |
|
|
|a article3
|
| 999 |
|
|
|c 1908019
|d 1909949
|